000
00204nam a2200085Ia 4500
008
220204s9999 xx 000 0 und d
100
_a
Subbiah Mudaliar, V T
245
0
_a
Principles of agronomy
942
_c
BK
999
_c
19920
_d
19920